El mundo aún es rico: un inventario de las armas de la paz

Bewaard in:
Bibliografische gegevens
Hoofdauteur: Zischka, Anton (Auteur)
Formaat: Boek
Taal:Spaans
Gepubliceerd in: Barcelona Ediciones Omega S. A 1954
Editie:1a. ed
Onderwerpen:
Tags: Voeg label toe
Geen labels, Wees de eerste die dit record labelt!

MARC

LEADER 00000cam a2200000 a 4500
001 UCE0345
003 CL-VaPUC
008 140116e19540000sp |||||||||||||||||spa|d
082 0 4 |a 338.09  |b ZIS  |2 21 
100 0 |a Zischka, Anton  |e author  |9 572713 
245 1 3 |a El mundo aún es rico: un inventario de las armas de la paz 
250 |a 1a. ed 
300 |a 306 p 
942 |c BK 
945 |d 20140116 11:53:00  |a dcastane 
260 |a Barcelona  |b Ediciones Omega S. A  |c 1954 
650 0 |a Recursos naturales  |9 255232 
650 0 |a Historia natural   |9 268584 
650 0 |a Industrialización  |9 263687 
583 |a last modification  |c 20140116 11:53:00  |k Rodrigo Vera 
999 |c 354512  |d 354510 
952 |0 0  |1 0  |3 erd  |4 0  |6 338_090000000000000_ZIS_1954  |7 0  |8 A  |9 460451  |a BIBHIS  |b BIBHIS  |i 5008263  |o 338.09 ZIS 1954  |p 5008263  |r 2025-01-20  |w 2019-11-23  |y BK  |z Catalogado en:20140116  |k HIS